Estadísticas para Geografía - Quiz General Nivel Difícil

Haz click aquí para intentar la prueba.

Estadísticas generales

  • Esta prueba ha sido intentada 105 veces
  • La puntuación promedio es 4 de 10

Estadísticas de respuestas

PistaRespuesta% Correcto
En abril de 2019 se produjo el incendio de esta famosa Iglesia francesa.Notre Dame
100%
En 2021, un barco taiwanés quedó atravesado por accidente en el canal de _____ por seis días, retrasando el comercio internacional.Suez
90%
País con el que Venezuela está teniendo una disputa territorial, por una región que tiene una de las reservas petrolíferas más grandes del mundo.Guyana
86%
En 2018 este país cambió su nombre, entre otros motivos, por su similitud con el nombre inglés de Suiza.Esuatini
83%
Presidente de la Generalitat de Cataluña al momento de su frustrada declaración de independencia en 2017.Carles Puigdemont
82%
Este país de Sudamérica trasladará en 2023 su embajada en Israel a la ciudad de Jerusalén, siendo el primero en la región en moverla de Tel Aviv desde 1980.Paraguay
80%
Menciona uno de los tres países asiáticos que hoy en día están construyendo una ciudad para reemplazar su actual capital.Corea del Sur/Filipinas/Indonesia
78%
Este país de América acepta desde 2021 el Bitcoin como moneda de curso legal.El Salvador
75%
En 2023 la India propondrá cambiar su nombre a ______.Bharat
71%
El 6 de enero de 2021, manifestantes tomaron el Capitolio de los Estados Unidos. Dos años y dos días después, sucedió un hecho similar en este país de América.Brasil
70%
En 2019 abdicó _______ en favor de su hijo, Naruhito, quien asumió el cargo de Emperador de Japón. Es la primera abdicación en 200 años.Akihito
67%
Mar de ____, antiguamente uno de los lagos más grandes del mundo y actualmente subsistiendo gracias a obras del gobierno de Kazajistán.Aral
67%
En 2012, este país admitió como lenguas oficiales el Machajuyai y el Puquina, alcanzando la sorprendente cifra de 37 idiomas oficiales.Bolivia
67%
En 2013, la policía de este país mató a una persona por primera vez en la historia.Islandia
67%
En 2022 la India admitió que disparó un misil "por error" a este país.Pakistán
67%
¿Qué territorio votará en noviembre de 2023 sobre la posibilidad de ser el estado n°51 de Estados Unidos?Puerto Rico
67%
Este conocido futbolista fue arrestado en Paraguay por intentar ingresar con un pasaporte falso, quedó preso por 5 meses y ganó el torneo de fútbol de la cárcel.Ronaldinho
67%
Latinoamérica ostenta (a septiembre de 2023) tres récords mundiales en atletismo, uno de ellos adquirido en 2022 por Yulimar Rojas, de _________.Venezuela
67%
Famoso narcotraficante mexicano que se fugó de la cárcel haciendo un túnel en su celda en 2015. Actualmente preso en Estados Unidos.Chapo Guzmán
64%
País asiático que sufrió un golpe de estado tras la retirada de tropas de la OTAN en 2021.Afganistán
63%
En 2020 estos dos países se convirtieron en los únicos de la Península Arábiga en reconocer el Estado de Israel.Catar/Emiratos Árabes Unidos
62%
En marzo de 2023 Moldavia fue el último país en cambiar su idioma oficial. A qué idioma lo cambió?Rumano
60%
El único referéndum independentista exitoso de la década de los 2010s.Sudán del Sur
60%
El presidente de este país caribeño fue asesinado el 7 de julio de 2021.Haití
58%
Último país sudamericano en recibir su primer Oscar a Mejor Película Extranjera, en 2017.Chile
57%
En 2023, asesinaron a un candidato a presidente de este país sudamericano.Ecuador
57%
En agosto de 2023, ______ se convirtió en el cuarto país en alunizar correctamente en la historia.India
57%
Lugar donde Japón verterá el agua contaminada que quedó acumulada en la Central Nuclear de Fukushima.Océano Pacífico
57%
En 2022 en medio de una campaña antidrogas, en este país debieron vaciar un templo budista debido a que todos los monjes dieron positivo a consumo de metanfetaminas.Tailandia
57%
En 2017, Emerson Mnangagwa pone fin al mandato de 30 años de Robert Mugabe en este país, uno de los países con la inflación más alta del mundo.Zimbabue
56%
En febrero de 2023, un tren descarriló en este Estado de Estados Unidos, derramando importantes cantidades de cloruro de vinilo y forzando a evacuar la zona.Ohio
55%
_________ árabe, ola de protestas y conflictos, a veces armados, que tuvo lugar en medio oriente y África Septentrional entre 2010 y 2012.Primavera
55%
En agosto de 2020 se registró en el puerto de la capital de este país una de las explosiones artificiales no-nucleares más potentes de la historia.Líbano
50%
En 2023 la Unión Europea utilizó por primera vez el nombre ________ para referirse a un territorio en disputa en el océano Atlántico, generando indignación en el gobierno británico.Malvinas
50%
Este país insular aprobó en 2022 construir un muro en su única frontera terrestre, para reducir la inmigración e inseguridad.República Dominicana
50%
Estos dos países están en un conflicto bélico intermitente desde septiembre de 2020. Turquía es uno de los principales influyentes en el enfrentamiento.Armenia y Azerbaiyán
38%
Estos dos países resolvieron en 2022 dividirse la pequeña Isla Hans, con lo cual ambos ya no limitan con un solo estado. El primer objeto humano "plantado" en la isla fue una botella de Whisky.Canadá y Dinamarca
38%
En 2018 se hizo pública la existencia de una ____ __ ______ en el océano Pacífico que triplicaba el tamaño de Francia.Isla de Basura
38%
En 2019 firmando el Acuerdo de Prespa, este país aceptó cambiar su nombre debido a su coincidencia con el nombre de una región de un país limítrofe.Macedonia del Norte
38%
El 20 de abril de 2020, el _________ cerró su cotización en Estados Unidos a -37 dólares por unidad. Es decir, los productores pagaron para deshacerse de su producto.Petróleo
38%
En 2015 Al Qaeda realiza un atentado contra la sede de este semanario francés, provocando 12 muertos.Charlie Hebdo
36%
Este país apenas controla un 58% de su propio territorio, debido a un conflicto iniciado en 1974.Chipre
33%
Este país desembarcó en 2018 en la isla yemení de Socotra y levantó su bandera en ella, causando tensiones diplomáticas con Yemen y otros países de la región.Emiratos Árabes Unidos
33%
En diciembre de 2022 este deportista ganó ampliamente una encuesta en su país natal en la que preguntaban si lo votarían para presidente.Lionel Messi
33%
En 2019, el oficialista ______ ____ _____ asume como presidente de Cuba, removiendo el apellido Castro por primera vez en la historia del cargo.Miguel Díaz Canel
33%
En el top 15 de países con inflación más alta en 2022, hubo un sólo país europeo, cuál? (No se considera a Turquía)Moldavia
33%
En 2022, fue removido en Perú el presidente _____ ________ luego de intentar cerrar el congreso nacional y el poder judicial.Pedro Castillo
33%
En 2012 el tribunal de La Haya falló a favor de Colombia en un litigio con Nicaragua sobre qué territorio?San Andrés y Providencia
33%
Crucero accidentado frente a la costa italiana en el año 2012.Costa Concordia
30%
En 2013, el ____ __________ arribó a Brasil, rompiendo una histórica tradición de que la primera visita oficial de este cargo es a su país de procedencia.Papa Francisco
30%
Selva ubicada entre Panamá y Colombia, uno de los principales pasos ilegales de migrantes venezolanos y ecuatorianos en su ruta hacia Estados Unidos.Darién
29%
La República Árabe Saharaui Democrática (Sahara Occidental) es hoy reconocida por 44 países a nivel mundial, pero sólo dos miembros del G20, Sudáfrica y _______.México
25%
En qué provincia, estado o ciudad residen Harry y Meghan Markle desde su salida de la Familia Real Británica?Santa Bárbara (California)
25%
Este país es el único en el mundo que no ha reportado ni un solo caso de Covid-19, aunque se cuestiona si esto es verdad.Turkmenistán
25%
Etnia musulmana de chinos sobre la que se han reportado reiterados ataques y detenciones en campos de "reeducación" durante la última década.Uigures
25%
Pueblo indígena sudamericano que lleva a cabo protestas con cierto grado de violencia en la Patagonia argentina y Araucanía chilena en la última década.Mapuche
23%
Ciudad donde fue asesinado en 2018 el periodista del Washington Post Jamal Khashoggi, por agentes del gobierno saudí.Estambul
22%
En 2022, este país insular hizo público su protocolo de traslado de ciudades debido al aumento del nivel del mar.Fiyi
22%
Este país africano es el último que realizó un cambio de ciudad capital, en 2019.Burundi
20%
En 2017, Adama Barrow logró consenso con 5 países de la región para invadir su propio país. De qué país se trata?Gambia
20%
En 2022 se registró la última modificación de una bandera nacional. Este país cambió el tono de azul de sus franjas y estrellas.Honduras
20%
En 2022 este país prohibió la importación de agroquímicos para la producción de arroz, provocando una dura crisis alimentaria.Sri Lanka
18%
En noviembre de 2021, este país insular se declaró república y dejó de responder a la Corona Británica.Barbados
17%
En 2016, estas dos federaciones fueron las últimas en ser asociadas a la FIFA.Gibraltar y Kosovo
17%
Este territorio de Oceanía celebró tres referéndums de independencia entre 2018 y 2021, ganando el "No" en todos ellos.Nueva Caledonia
17%
En 2017 bajo la presidencia Trump, Estados Unidos se convirtió en el único país retirado del Acuerdo de ______, relacionado a la lucha contra el cambio climático.París
17%
Por utilizar una versión antigua de Microsoft Excel, este país borró información de 16.000 casos registrados de Covid-19.Reino Unido
17%
En 2022 fue asesinado _____ ____, quien fuera primer ministro japonés entre 2012 y 2020.Shinzo Abe
17%
Califato conformado en 2015 en áreas del norte de Nigeria y países cercanos, que responde a Al Qaeda y al ISIS.Boko Haram
14%
Este país latinoamericano está entre los tres con menos proporción de fumadores del mundo.Panamá
14%
En 2019, esta región de Oceanía votó a favor de su independencia, la cual sería otorgada en 2027.Bougainville
13%
Esta región de un importante país europeo celebró en 2014 un referéndum no reconocido para su independencia, con un enorme triunfo del voto a favor. (Pista: no es Cataluña)Veneto
13%
En 2010, científicos pusieron fin al debate del río más largo del mundo, al ubicar el nacimiento del Amazonas en la provincia peruana de _______.Arequipa
11%
Isla africana donde se encontraron los primeros restos del MH370 de Malaysia Airlines desaparecido en 2015.Reunión
11%
Menciona el último país en ser invadido,en julio de 2022. No, no fue Ucrania.Etiopía
10%
País con el que Argentina entró en conflicto en 2012 por la retención del ARA Libertad, una fragata de la Armada Nacional.Ghana
9%
En 2020 se celebraron elecciones en Estados Unidos, y aparte de Trump y Biden, este partido fue el único que alcanzó el millón de votos.Partido Libertario
9%
Este país alberga el campo de refugiados más grande del mundo.Bangladés
0%
Hecho de enorme gravedad política e institucional acontecido en septiembre de 2014 en el suroeste de México, que resultó en nueve muertos y 43 estudiantes de nivel medio desaparecidos.Caso Ayotzinapa
0%
En 2021, el Tribunal Internacional de Derecho del Mar falló en contra del Reino Unido por la soberanía sobre este archipiélago índico.Chagos
0%
En 2023 la República Democrática del Congo se está enfrentando a uno de los peores brotes de esta enfermedad en su historia.Cólera
0%
8 países de África utilizan actualmente como moneda el Franco CFA de África Occidental, pero en 2027 cambiarán a otra moneda, denominada ____.Eco
0%
En 2019, Evo Morales renuncia a la presidencia de Bolivia, siendo reemplazado por ______ ____, quien ingresó al palacio presidencial elevando una Biblia.Jeanine Áñez
0%
El 1 de junio de 2023 se produjo la última boda real a la fecha. La Casa Real de qué país estuvo involucrada?Jordania
0%
Este país resolvió que las personas que nacieron de 2009 en adelante no podrán comprar cigarrillos de tabaco en toda su vida.Nueva Zelanda
0%
Partido político satírico de Austria, fundado en 2014.Partido de la Cerveza
0%
En 2023, Somalilandia fue reconocida por un gobierno extranjero como país por primera vez, qué país fue?Taiwan
0%
Comandante del Grupo Wagner ruso que inició en junio de 2023 una breve revuelta contra el gobierno de Vladimir Putin en 2023.Yevgeny Prigozhin
0%

Distribución de puntuación

Porcentaje por número respondido

Porcentaje de gente con cada puntuación

Historial de tus puntuaciones

No has intentado esta prueba.